000 00579 a2200181 4500
999 _c4982
_d4982
010 _aENG-86682
020 _c350.00
_a8178240726
035 _aEN-70215
037 h _bDBAD / PUB
082 1 4 _a305.5
100 1 _aDirks, Nicholas B.
245 1 _aCastes of mind :
_cby Nicholas B. Dirks
_bcolonialism and the making of modern India /
260 _aDelhi
_bPermanent Black
_c2006
270 _aD-28, Oxford Apartments, 11, I. P. Extension
_bDelhi
_e110 092
300 _axv, 372 p
_c22 cm (Pbk)
500 _aIncludes index
942 _adpl
_cEN
_2ddc
_h305.5
_mDIR